| 000 | 00826nam a2200265 i 4500 | ||
|---|---|---|---|
| 001 | 15519 | ||
| 003 | ES-MaACL | ||
| 005 | 20250929063049.0 | ||
| 007 | t| | ||
| 008 | 000328s2000 sp ||||1| spa d | ||
| 020 | _a84-339-0589-9 | ||
| 080 | _a316.647.82-055.2 | ||
| 080 | _a316.663:316.346.2 | ||
| 100 | 1 |
_aBourdieu, Pierre, _d1930-2002 _930964 |
|
| 245 | 1 | 3 |
_aLa dominación masculina / _cPierre Bourdieu ; traducción de Joaquín Jordá. |
| 260 |
_aBarcelona : _bAnagrama, _c[2000] |
||
| 300 |
_a159 p. ; _c22 cm. |
||
| 490 | 1 |
_aColección Argumentos ; _v238 |
|
| 650 | 4 |
_aDiscriminación sexual. _911937 |
|
| 650 | 4 |
_aRol sexual. _916927 |
|
| 700 | 1 |
_aJordá, Joaquín. _966895 |
|
| 830 | 0 |
_aColección Argumentos ; _v238 _9178071 |
|
| 852 |
_aES-MaACL _jL-22773 _bR.128201 |
||
| 999 |
_c15519 _d15519 |
||